| 000 | 00742nam a22001937a 4500 | ||
|---|---|---|---|
| 999 |
_c58598 _d58598 |
||
| 003 | Ge_BSU | ||
| 005 | 20220613102536.0 | ||
| 008 | 220610s2021 ge ||||| |||| 00| 0 geo d | ||
| 020 | _a9789941340482 | ||
| 041 | _ageo | ||
| 080 | _a821.353.1-94 ზ-86 | ||
| 100 |
_aზოსიძე, ნიაზ _914044 |
||
| 245 |
_aღმერთო, გამახსენე / _cნიაზ ზოსიზე; რედაქტორი გენრი დოლიძე. |
||
| 264 |
_aთბილისი : _bმერიდიანი, _c2021. |
||
| 300 |
_a319 გვ. ; _b19 სმ. |
||
| 653 | _aმოთხრობები | ||
| 700 |
_a დოლიძე, გენრი _eრედაქტორი _914045 |
||
| 942 |
_2udc _cBK |
||